| 000 | 01214nam0a22003011 4500 | ||
|---|---|---|---|
| 001 | rc\2344898 | ||
| 005 | 20250623081334.0 | ||
| 035 | _a(NLR Aleph) 006680172 | ||
| 090 |
_a5072970 _c5072970 |
||
| 100 | _a20110829d1977 |||y0rusy50 ca | ||
| 101 | 0 | _arus | |
| 102 | _aRU | ||
| 105 | _ay z ||||| | ||
| 200 | 1 |
_aВодоснабжение производственного объединения "Карабогазсульфат" _f[М. Язлиев, Я. Атаев] _gРесп. ин-т науч.-техн. информации и пропаганды Госплана ТССР |
|
| 210 |
_aАшхабад _cТуркменИНТИ _d1977 |
||
| 215 |
_a23 с. _d20 |
||
| 300 | _aАвт. указаны на обл. | ||
| 606 |
_aСоляные промыслы _yКара-Богаз-Гол, залив _2rkp |
||
| 606 |
_aСоляная промышленность, предприятия _xВодоснабжение _2rkp |
||
| 700 | 1 |
_aЯзлиев _bМ. _gМухаммедберды |
|
| 701 | 1 |
_aАтаев _bЯ. |
|
| 801 | 0 |
_aRU _bNLR _gpsbo |
|
| 801 | 1 |
_aRU _bELAR _2rusmarc |
|
| 852 |
_aNLR _j77-4/12336 |
||
| 899 |
_aRuMoRGB _jБ 77-53/3915 |
||
| 899 |
_aRuMoRGB _jБ 77-53/3916 |
||
| 942 | _cBOOK | ||
| 980 | _aNB | ||